000 00410nam a22001697a 4500
005 20160628093219.0
008 160628b xxu||||| |||| 00| 0 eng d
020 _a81-203-1123-8
041 _aeng
082 _b10533
100 _aNarasimhan, Seetharame L
_93008
245 _aProduction, Planning and Inventory Control
260 _bPHI
_c2004
300 _a706
650 _aManagement
_9241
942 _cBK
999 _c4350
_d4349